| 000 | 00564nam a2200193Ii 4500 | ||
|---|---|---|---|
| 003 | JO-AjNU | ||
| 008 | 230606s9999||||xx |||||||||||||| ||und|| | ||
| 040 |
_aJO-AjNU _beng _erda _cJO-AjNU |
||
| 041 | _aeng | ||
| 050 | 1 | 4 | _aG1046.E3.A85 2010 |
| 100 | 3 |
_aMoseley, Christoper, _eauthor _92595 |
|
| 245 | 0 | 0 | _aAtlas of the World,s Languages in Danger |
| 264 | 3 | 1 | _aUnited Nations: Unesco, 2010 |
| 300 | _a153p | ||
| 336 |
_atext _btxt _2rdacontent |
||
| 337 |
_aunmediated _bn _2rdamedia |
||
| 338 |
_avolume _bnc _2rdacarrier |
||
| 650 | 4 |
_aAtlas of the world _92596 |
|
| 999 |
_aE1357 _c1357 _d1357 |
||